Music Quiz

Random Music or Italian Quiz

Music Theory Grade 2 Italian Terms and Definitions Quiz Stats

Quiz not verified by Sporcle

Also try: RUSH Studio albums
Challenge
Share
Tweet
Embed
Score 0/35 Timer 10:00
0 Plays Today
Musical term Definition % Correct
Con, colWith
86%
AssaiVery
76.6%
Espressivo (or espress. or espr.)Expressive
70.6%
PrestoFast
69.4%
NonNot
67.2%
E, edAnd
62.1%
PiuMore
58.3%
MaBut
57%
GraziosoGraceful
55.3%
Con motoWith movement
54.5%
MenoLess
54%
SenzaWithout
51.5%
Allegro assaiVery quick
51.1%
SostenutoSustained
51.1%
MaistosoMajestic
48.1%
TenutoHeld
48.1%
TroppoToo much
47.2%
Mosso, motoMovement
46%
Musical term Definition % Correct
FortepianoLoud, then immediately soft
45.1%
DolceSweet, soft
45.1%
Non troppoNot too much
43.4%
Simile (sim.)In the same way
42.6%
AllargandoBroadening
42.1%
Alla marciaIn the style of a march
39.6%
Sforzando (or sforzato, sf, sfz)Forced, accented
37.4%
AAt, to, by, for, in, in the style of
36.6%
LargoSlow, stately
35.7%
Meno mossoSlower
35.3%
GraveVery slow, solemn
34.5%
Vivace, vivoLively, quick
33.6%
Al, allaTo the, in the manner of
32.8%
AndantinoSlightly faster than andante
32.8%
GiocosoPlayful, merry
31.9%
LarghettoRather slow
31.9%
MoltoVery, much
28.5%

You're not logged in!

Compare scores with friends on all Sporcle quizzes.
Sign Up with Email
OR
Log In

You Might Also Like...

Show Comments

Extras

Top Quizzes Today


Score Distribution

Your Account Isn't Verified!

In order to create a playlist on Sporcle, you need to verify the email address you used during registration. Go to your Sporcle Settings to finish the process.